BIBLIOTECA

SENCICO

Encofrados y andamios para obras civiles y edificaciones / (Registro nro. 3791)

Detalles MARC
000 -LEADER
fixed length control field 00940nam a22002777a 4500
003 - CONTROL NUMBER IDENTIFIER
control field PE SENCICO BE
005 - DATE AND TIME OF LATEST TRANSACTION
control field 20251020182625.0
008 - FIXED-LENGTH DATA ELEMENTS--GENERAL INFORMATION
fixed length control field 230124b |||||||| |||| 00| 0 eng d
020 ## - INTERNATIONAL STANDARD BOOK NUMBER
International Standard Book Number 978-912-00-3975-5
040 ## - CATALOGING SOURCE
Original cataloging agency PE SENCICO BE
Transcribing agency PE SENCICO BE
041 ## - LANGUAGE CODE
Language code of text/sound track or separate title spa
082 ## - DEWEY DECIMAL CLASSIFICATION NUMBER
Classification number 624.153
Item number J54
100 1# - MAIN ENTRY--PERSONAL NAME
9 (RLIN) 511
Personal name Jiménez Enciso, Alex Roy
Relator term autor
245 1# - TITLE STATEMENT
Title Encofrados y andamios para obras civiles y edificaciones /
Statement of responsibility, etc. Alex Roy Jiménez Enciso, Daniel Jiménez Hualpa
250 ## - EDITION STATEMENT
Edition statement 2a ed.
260 ## - PUBLICATION, DISTRIBUTION, ETC.
Place of publication, distribution, etc. Lima:
Date of publication, distribution, etc. 2019
300 ## - PHYSICAL DESCRIPTION
Extent 281 p. :
Other physical details il. col., diagrs.;
Dimensions 29 cm.
650 14 - SUBJECT ADDED ENTRY--TOPICAL TERM
9 (RLIN) 417
Topical term or geographic name entry element Industria de la construcción
650 20 - SUBJECT ADDED ENTRY--TOPICAL TERM
Topical term or geographic name entry element Construcciones de hormigón armado
9 (RLIN) 512
650 24 - SUBJECT ADDED ENTRY--TOPICAL TERM
9 (RLIN) 177
Topical term or geographic name entry element Construcción
Form subdivision Manuales, etc.
650 20 - SUBJECT ADDED ENTRY--TOPICAL TERM
9 (RLIN) 626
Topical term or geographic name entry element Encofrados
650 20 - SUBJECT ADDED ENTRY--TOPICAL TERM
9 (RLIN) 216
Topical term or geographic name entry element Edificaciones
700 1# - ADDED ENTRY--PERSONAL NAME
9 (RLIN) 2024
Personal name Jiménez Hualpa, Daniel
910 ## - USER-OPTION DATA (OCLC)
-- hfp
-- hfp
942 ## - ADDED ENTRY ELEMENTS (KOHA)
Source of classification or shelving scheme Dewey Decimal Classification
Koha item type Libros
Edition 2019
Classification part 693.5
Item part J54
Existencias
Fecha de la última vez que lo usaron Número de ingreso o de inventario Pago total Signatura topográfica completa Código de barras Precio efectivo desde Tipo de documento Estado perdido Estado dañado No es para préstamo Retirado Ubicación permanente Ubicación actual Fecha de adquisición
24/01/2023 16334   693.5/J54/2019 BibLima24030045 24/01/2023 Libros         Biblioteca Central Lima Biblioteca Central Lima 24/01/2023